00929cam a2200253 4500001001300000003000400013005001700017008004100034010001700075025002000092040001800112043001200130050002100142111006800163245006900231260005000300300001900350500010200369650004100471650004200512710006200554710004200616999001700658sa 68018105 DLC20260227112708.0710907s1963 ii 100 0 eng  asa 68018105  aPL480:I-E-10775 aDLCcDLCdDLC aa-ii---00aLC2322b.G4 19632 aGeneral Education Seminar,cS.N.D.T. Women's University,d1963.10aReport on General Education Seminar, October 11th to 14th, 1963. aBombay,bS.N.D.T. Women's Universityc[1963?] a124 p.c28 cm. a"Sponsored by the S.N.D.T. Women's University with the help of the University Grants Commission." 0aWomenxEducationzIndiaxCongresses. 0aGeneral educationzIndiaxCongresses.2 aShreemati Nathibai Damodar Thackersey Women's University.1 aIndia.bUniversity Grants Commission. c88181d88181